000 00531cam a2200193ua 4500
001 6960
005 20260515114132.0
008 141117n ii |||gr||||Z||||||eng
040 _cMAIN
041 _aeng
082 _a301
100 _aHussain, Maqitul,
_eAuthor.
245 _a Prologue to five sociologists :
_bComte,Spencer,Durkheim,Marx,Weber /
_cBy Maqitul hussain .
250 _a1st.
260 _aJorhat:
_bpurbashree offset printers,
_c1996.
300 _aiv,124p.
653 _aSociology & anthropology
942 _cBK
999 _c6097
_d6097